Épisodes de Tintin par extrait de 5 secondes #14 - Statistiques

Statistiques générales
  • Ce quiz a été pris 24 fois
  • Le résultat moyen est 10 sur 21
Statistiques - réponses
Hint Réponse % Correct
Tintin au Tibet
88%
Tintin et les Picaros
75%
L'Île Noire
69%
Vol 714 pour Sydney
69%
Le Crabe aux pinces d'or
63%
L'Affaire Tournesol
56%
Les Bijoux de la Castafiore
56%
Le Secret de La Licorne
56%
L'Oreille cassée
56%
Objectif Lune
50%
On a marché sur la Lune
50%
Le Temple du Soleil
44%
Tintin au pays de l'or noir
44%
Coke en stock
38%
Le Sceptre d'Ottokar
38%
Les Sept Boules de cristal
38%
Les Cigares du pharaon
31%
L'Étoile mystérieuse
25%
Le Trésor de Rackham le Rouge
25%
Tintin en Amérique
25%
Le Lotus bleu
19%
Aucun quiz correspondant
Distribution des résultats
% des personnes avec chaque résultat
Percentile par nombre de réponses
Votre historique - résultats
Vous n’avez pas pris ce quiz